| 000 | 00540cam a2200205ua 4500 | ||
|---|---|---|---|
| 020 | _c10.60 | ||
| 041 |
_aeng _h |
||
| 082 |
_a604.2 _bBIN/EN |
||
| 100 | _aBinns, H . | ||
| 245 |
_aEngineering workshop drawing , Vol 2 / _cH.Binns. _hTextual Documents |
||
| 250 |
_a1 / _b. |
||
| 260 |
_aLondon : _bEnglish Universities Press , _c1962. |
||
| 300 | _a129 ; . | ||
| 365 | _a10.60 | ||
| 440 | 0 |
_aTechnical college series, _v _x; |
|
| 490 | 0 |
_aTechnical college series, _v _x; |
|
| 504 | _a | ||
| 942 | _cBK | ||
| 999 |
_c1447 _d1447 |
||